000 04185nab a2200313 i 4500
003 BR-BrBNA
005 20231004104212.0
008 231004b2016 bl.qr|pooa||| 00| 0 por |
040 _aBR-BrBNA
_bpor
072 _aF61
072 _aK01
100 _aBoni, Thaís Soto
100 _aMaltoni, Kátia Luciene
100 _aBuzetti, Salatier
100 _aCassiolato, Ana Maria Rodrigues
245 _aAvaliação comparativa do estado nutricional de mudas de baru (Dipteryx alata)
500 _aPublicação on-line; 42 ref.; 6 tables; Summaries (En, Pt)
520 _a RESUMO Para o sucesso de um processo de revegetação, além de melhorar as condições edáficas da área, deve-se dispor de mudas de boa qualidade, o que pode ser avaliado pelo estado nutricional. Neste trabalho, avaliaramse os teores foliares de N, P, K, Ca, Mg, S, B, Cu, Fe, Mn e Zn de mudas de Dipteryx alata produzidas a pleno sol ou em cultivo protegido (30% de sombreamento), utilizando como substrato solo degradado, condicionado ou não com resíduo orgânico (32 t ha-1 macrófitas) e com diferentes doses de fósforo (0, 100, 200 e 300 mg dm-3 P2O5), comparativamente à mudas e parte aérea de plantas adultas, coletadas em campo A cada coleta de folhas em campo, o solo foi coletado e analisado para P, MO, pH, K, Ca, Mg, H+Al, SB e CTC. A mesma análise foi realizada nas unidades experimentais, ao final do experimento. Os resultados mostram que o Dipteryx alata é pouco exigente em P, que os teores foliares, nas mudas de campo, são superiores às plantas adultas em N, P, K e S e inferiores para Ca e que o estádio de desenvolvimento da planta não influenciou os teores foliares de Mg, B, Cu, Fe, Mn e Zn. O resíduo orgânico não foi suficiente para fornecer o N necessário às mudas produzidas. O cultivo a pleno sol propiciou maiores teores foliares de N, P, Ca, Mg, B, Cu, Fe e Mn. Teores foliares de N, P, K, Ca, B, Fe e Zn foram superiores na presença de resíduo orgânico. Palavras-chave: solo degradado; resíduo orgânico; cerrado.
520 _a ABSTRACT To a successful revegetation process, besides improving the edaphic area conditions, seedlings must have good quality, which can be assessed by nutritional status. This research evaluated the foliar contents of N, P, K, Ca, Mg, S, B, Cu, Fe, Mn, and Zn from Dipteryx alata seedlings produced under full sun or protected condition (30% of shade), using degraded soil as substrate, with or without organic residue added (32 t ha-1 macrophyte) and with different phosphorus doses (0, 100, 200 e 300 mg dm-3 P2 O5), comparatively to seedlings and adult plants collected in the field. To each leaf sampling in the field, the soil was collected and analyzed for P, MO, pH, K, Ca, Mg, H+Al, SB and CTC. The same analysis was performed in the experimental units at the end of the experiment. The data showed that the Dipteryx alata presents low P requirement. The foliar levels, in seedling from field were higher than in adult plants, for N, P, K, and S, and lower for Ca, and the plant’s developing stadium did not affect the foliar levels of Mg, B, Cu, Fe, Mn and Zn. The organic residue was not enough to supplies the needed N to seedlings produced under experimental conditions. The cultivation under full sun provided higher foliar concentrations of N, P, Ca, Mg, B, Cu, Fe and Mn. The foliar levels of N, P, K, Ca, B, Fe and Zn were higher in the presence of organic residue. Keywords: degraded soil; organic residue; savannah.
650 _aDIPTERYX ALATA
650 _aCUMBARU
650 _aDETERIORAÇÃO DO SOLO
650 _aRESÍDUO ORGÂNICO
650 _aCERRADO
773 0 _04065
_9102038
_dSanta Maria-RS Universidade Federal de Santa Maria - Centro de Pesquisas Florestais.Departamento de Ciências Florestais. Programa de Pós-Graduação em Engenharia Florestal 1991
_o2023-436444
_tCiência Florestal (Brazil)
_x0103-9954; 1980-5098 (on-line)
_gv. 26(1) p. 109-121; (Jan-Mar 2016)
_wBE2023001157
856 _uhttps://www.scielo.br/j/cflo/a/RtWGQ7XLYvTsDRJtcmbdtLq/?format=pdf&lang=pt
942 _cAnalítica
999 _c86379
_d86379